Normal view
MARC view
- Moody, Ralph,
Entry Personal Name
001 - CONTROL NUMBER
- control field: 7825
003 - CONTROL NUMBER IDENTIFIER
- control field: NUST
005 - DATE AND TIME OF LATEST TRANSACTION
- control field: 20171228123801.0
008 - FIXED-LENGTH DATA ELEMENTS
- fixed length control field: 171228|| aca||aabn | a|a d
040 ## - CATALOGING SOURCE
- Original cataloging agency: NUST
- Transcribing agency: NUST
100 ## - HEADING--PERSONAL NAME
- Personal name: Moody, Ralph,
- Dates associated with a name: 1898-1982
- General subdivision: Homes and haunts
- Geographic subdivision: Kansas.
670 ## - SOURCE DATA FOUND
- Source citation: Work cat.: (NUST)0: Moody, Ralph, 1898-1982. 7824, Horse of a different color :, 1994.
